000 00277nam a2200121Ia 4500
005 20251222153615.0
008 251222s9999||||xx |||||||||||||| ||spa||
082 _a813.3/H27L
100 _aNathaniel Hawthorne
245 0 _aLa letra escarlata
264 _bMateu
942 _cLIB
999 _c31770
_d31770